Responses for show #4536 - Monday, May 3, 2004

2004-A Kids Week game 1.
From Washington, D.C.

Contestants

[<< previous game]

Alex Silady, an 11-year-old from Edison, New Jersey

Naomi Senbet, an 11-year-old from Washington, D.C.

Crystal Durham, a 12-year-old from Fort Pierce, Florida

[next game >>]

Jeopardy! Round responses

NEW ZEALAND
WOULD YOU LIKE A BEVERAGE?
MUSIC CLASS
MOTHER GOOSE
RIGHT ON THE MONEY
DOUBLE A, B, Cs
(Alex: Each correct response will contain a double "A", a double "B" or a double "C".)
    $200 21
Santa Claus

Alex
    $200 1
milk

Alex
    $200 4
national anthem

Crystal
    $200 25
his fiddlers

Crystal
    $200 16
Chicago

Naomi
    $200 2
rubber

Alex
    $400 22
(Alex T.: With a minute to go.)

canoe

Alex
    $400 5
root beer float

Naomi
    $400 9
the blues

Alex
    $400 26
Old Mother Hubbard

Alex
    $400 3
(Alex T.: The $2 bill.)

(Thomas) Jefferson

Alex
    $400 12
Drabble

Triple Stumper
    $600 23
the mainland

Alex
    $600 6
Gatorade

Crystal
    $600 10
brass

Alex
    $600 27
lean

Crystal
    $600 17
Ben Franklin or Alexander Hamilton

Crystal
    $600 13
Isaac

Crystal
    $800 24
"the beehive"

Crystal
    $800 7
tea

Alex
    $800 11
octave

Crystal
    $800 28
[The end-of-round signal sounds.]

cockle shells

Crystal
    $800 18
(Alex: What is the Great Seal of the United States?)

Treasury

NaomiAlex
    $1,200 14
(Crystal: [No response])

stubborn

Crystal
    $1000 8
(Naomi: What is latte?)

coffee

CrystalNaomi
    $1000 20
(Alex T.: "The Stars and Stripes Forever".)

John Philip Sousa

Alex
    $1000 19
(Alex: What is Pittsburgh?)

Philadelphia

CrystalAlex
    $1000 15
(Crystal: What is emphasis?)

accent

CrystalAlex

Scores at the first commercial break (after clue 13):

Crystal Naomi Alex
$3,200 -$600 $2,600

Scores at the end of the Jeopardy! Round:

Crystal Naomi Alex
$5,000 $400 $4,400

Double Jeopardy! Round responses

D.C.'IN YOU
ASTRONOMY
GRAB BAG
HISTORIC KIDS
THE SMALLEST IN AREA
YOU NEED A TIME OUT
    $400 1
a state

Naomi
    $400 24
Taurus

Alex
    $400 12
a kite

Crystal
    $400 19
Tom Thumb

Alex
    $400 6
Portugal

Crystal
    $400 10
(Alex T.: A puppy has 4 paws, & a time out is a pause, p-a-u-s-e.)

pause

Triple Stumper
    $800 2
Executive

Alex
    $800 25
Jupiter

Alex
    $800 13
2

Crystal
    $800 20
King Tut

Crystal
    $800 7
Panama

Crystal
    $800 11
vacation

Alex
    $1200 3
the Kennedy Center

Naomi
    $1200 26
Edmond Halley

Alex
    $1200 14
Hanukkah

Crystal
    $1200 22
Pocahontas

Crystal
    $1200 8
(Crystal: What is Italy?)

Austria

CrystalNaomi
    $1200 18
siesta

Alex
    $1600 4
(Alex: What is Maryland?)

Virginia

NaomiAlex
    $2,000 27
Pluto

Alex
    $1600 15
crisper

Crystal
    $1600 29
Henry VIII

Alex
    $1600 9
Florida

Alex
    $1600 21
a breather

Alex
    $2000 5
the National Geographic Society

Naomi
    $2000 28
Polaris

Alex
    $2000 16
Germany

Crystal
    $3,000 30
Edgar Allan Poe

Alex
    $2000 17
South Korea

Crystal
    $2000 23
ceasefire

Alex

Scores at the end of the Double Jeopardy! Round:

Crystal Naomi Alex
$15,000 $6,800 $22,200

[wagering suggestions for these scores]

Final Jeopardy! Round responses

THE WESTERN U.S.
NaomiWhat is [Yosemite] Yosemite?
$1,500
CrystalWhat is Yellowstone
$700
AlexWhat is Yosemite
$9,800
Yellowstone

Final scores:

Crystal Naomi Alex
$15,700 $5,300 $12,400
Winner: $15,700 + Classroom Jeopardy! 3rd place: $1,000 + Classroom Jeopardy! 2nd place: $2,000 + Classroom Jeopardy!

Game dynamics:

Coryat scores:

Crystal Naomi Alex
$16,200 $6,800 $20,800
21 R,
3 W
(including 1 DD)
8 R,
1 W
26 R
(including 2 DDs),
3 W

Combined Coryat: $43,800

The J! Archive is created by fans, for fans. The Jeopardy! game show and all elements thereof, including but not limited to copyright and trademark thereto, are the property of Jeopardy Productions, Inc. and are protected under law. This website is not affiliated with, sponsored by, or operated by Jeopardy Productions, Inc. Join the discussion at JBoard.tv.